00348nam a2200133 a 450000100060000000300090000600800410001504000280005624500180008426000190010230000330012165000360015465000240019026563CO-ViMGA141112s2004 ck r 000 u spa d aCO-ViMGAbspacCO-ViMGA10aEl patito feo aGrupo cultural a[4] p. : il. lamns. ; 16 cm.14aANIMALES - - CUENTOS Y LEYENDAS14aCUENTOS INFANTILES